00788 a2200181 4500020001600000040001300016082001300029100002200042245005100064260005900115300005100174500001900225650005500244942002600299999001500325952013300340952013300473 a 8173196591 aDLCbDLC a510.2462 aBabu, A. Chandra. aNew Engineering MathematicscA. Chandra, Babu. aNew Delhi:bNarosa Publishing House Pvt. Ltd.,c 2006. avol,ii.x, (various pagings) :b ill. ;c24 cm. aIncludes Index a 1.Engineering Mathematics. 2.Mathematics physics. cBKk510.2462 BAB2ddc c7481d7481 001040708NFICaCLbCLcGENd2006-04-05eAllied Book Companyg279.04l0o510.2462 BABpSEECS007216r2012-11-14w2017-01-05yBK 001040708NFICaCLbCLcGENd2006-04-05eAllied Book Companyg279.04l0o510.2462 BABpSEECS007215r2012-11-14w2017-01-05yBK